Capitales en 7 lettres - Statistiques

Statistiques générales
  • Ce quiz a été pris 80 fois
  • Le résultat moyen est 16 sur 25
Statistiques - réponses
Capitales % Correct
Londres
91%
Athènes
81%
Caracas
74%
Bangkok
72%
Tripoli
72%
Bichkek
70%
Manille
70%
Vilnius
70%
Jakarta
68%
Le caire
68%
Téhéran
68%
Managua
66%
Yaoundé
66%
Nairobi
62%
Vatican
62%
Tallinn
60%
San José
57%
Conakry
55%
Kampala
55%
Nicosie
55%
Mascate
53%
Sao Tomé
53%
Honiara
49%
Palikir
45%
Mbabane
43%
Aucun quiz correspondant
Distribution des résultats
% des personnes avec chaque résultat
Percentile par nombre de réponses
Votre historique - résultats
Vous n’avez pas pris ce quiz